Tercera parte del sabio instruido de la naturaleza, con esfuerzos de la verdad, en el tribunal de la razón, alejados en quarentena y dos Maximas, Politicas, y Morales (Record no. 8600)

MARC details
000 -CABECERA
campo de control de longitud fija 02128nam a2200265 a 4500
001 - NÚMERO DE CONTROL
campo de control BRCA_8949
005 - FECHA Y HORA DE LA ÚLTIMA TRANSACCIÓN
campo de control 20190320210453.0
008 - DATOS DE LONGITUD FIJA--INFORMACIÓN GENERAL
campo de control de longitud fija 030717s1710----sp-#######---#000-0#spa-#
041 ## - CÓDIGO DE LENGUA
Código de lengua del texto/banda sonora o título independiente spa
044 ## - CÓDIGO DEL PAÍS DE LA ENTIDAD EDITORA/PRODUCTORA
Código MARC del país sp
084 ## - OTRO NÚMERO DE CLASIFICACIÓN
Número de clasificación LE42
Número de documento/Ítem .G37 1710
100 1# - ENTRADA PRINCIPAL--NOMBRE DE PERSONA
Nombre de persona Garau, Francisco
9 (RLIN) 21861
245 10 - MENCIÓN DE TÍTULO
Título Tercera parte del sabio instruido de la naturaleza, con esfuerzos de la verdad, en el tribunal de la razón, alejados en quarentena y dos Maximas, Politicas, y Morales
Resto del título ilustradas con todo genero en Erudición, Sacra, y Humana: contra las vanas ideas de la Política de Machiavelo: dedicala a la excelentísima ciudad de Barcelona
Mención de responsabilidad, etc. el padre Francisco Garau.
260 ## - PUBLICACIÓN, DISTRIBUCIÓN, ETC.
Lugar de publicación, distribución, etc. Madrid
Nombre del editor, distribuidor, etc. por Antonio Gonzalez de Reyes
Fecha de publicación, distribución, etc. 1710
300 ## - DESCRIPCIÓN FÍSICA
Extensión 367 p. (t.3)
Dimensiones 19.9 x 16 cm
500 ## - NOTA GENERAL
Nota general Con privilegio
500 ## - NOTA GENERAL
Nota general Estado físico: presenta encuadernación en pergamino con cintas rotas
500 ## - NOTA GENERAL
Nota general Acosta de Francisco Laso, Mercader de libros, enfrente de la Gradas de S. Felipe el Real
500 ## - NOTA GENERAL
Nota general Con marca de fuego: “Procedencia de la marca: Convento de San Francisco Santa María del Pueblito de Querétaro(1). Institución: Orden de Frailes Menores. Provincia de San Pedro y San Pablo de Michoacán. Descripción: Monograma conformado por las iniciales “P”, “u”, “E” seguidas de “b”, “I”, “T” y “o” que se desata como Pueblito(2) dentro de un filete en forma de rombo. Observaciones: Krausse la incluye entre las marcas no identificadas. David Saavedra la identifica como del Convento Franciscano de Santa María del Pueblito, Villa Corregidora de Querétaro. Con el testimonio de pertenencia ubicado en este ejemplar se corrobora la atribución realizada por David Saavedra. Ubicación de la marca en el libro: Canto superior, inferior y lateral”
600 14 - PUNTO DE ACCESO ADICIONAL DE MATERIA--NOMBRE DE PERSONA
Nombre de persona Machiavelli, Niccolò
Fechas asociadas al nombre 1469-1527
9 (RLIN) 16915
650 14 - PUNTO DE ACCESO ADICIONAL DE MATERIA--TÉRMINO DE MATERIA
Término de materia o nombre geográfico como elemento de entrada Crítica e interpretación
Subdivisión cronológica Obras anteriores a 1800
9 (RLIN) 22241
856 ## - LOCALIZACIÓN Y ACCESO ELECTRÓNICOS
Nombre del host http://www.marcasdefuego.buap.mx:8180/xmLibris/projects/firebrand/item.jsp?repository=marcas_de_fuego&key=marcas_de_fuego_franciscanas_20150618135223_2ccc.xml&num=124
902 ## - CATALOGADOR
Iniciales CFM
942 ## - ELEMENTOS DE PUNTO DE ACCESO ADICIONAL (KOHA)
Fuente del sistema de clasificación o colocación Library of Congress Classification
Tipo de ítem Koha Libros
Holdings
Estado de retiro Estado de pérdida Estado dañado No para préstamo Localización permanente Ubicación/localización actual Fecha de adquisición Total de préstamos Signatura topográfica completa Código de barras Fecha visto por última vez Precio válido a partir de Tipo de ítem Koha
El ejemplar forma parte de la colección y puede ser consultado según las políticas vigentes.       Biblioteca del Museo Franz Mayer (Rogerio Casas-Alatriste) Biblioteca del Museo Franz Mayer (Rogerio Casas-Alatriste) 03/07/2017   LE42 .G37 1710 CFM00272 22/03/2019 22/03/2019 Libros